The Rolling Stones - Cameron Winter - Lyric Quiz - Statistics

General Stats
  • This quiz has been taken 8 times
  • The average score is 109 of 161
Answer Stats
Answer % Correct
a
100%
and
100%
born
100%
I
100%
i
100%
my
100%
roll
100%
rolling
100%
swim
100%
the
100%
to
100%
was
100%
breaking
80%
Brian
80%
cups
80%
hand
80%
if
80%
Jones
80%
keep
80%
left
80%
like
80%
Like
80%
look
80%
master
80%
me
80%
miracle
80%
of
80%
son
80%
song
80%
towards
80%
until
80%
Until
80%
will
80%
write
80%
wrong
80%
you
80%
again
60%
all
60%
behind
60%
best
60%
between
60%
burning
60%
chickens
60%
comes
60%
could
60%
hands
60%
line
60%
long
60%
looks
60%
masterpiece
60%
on
60%
only
60%
pound
60%
rolls
60%
shirt
60%
swimming
60%
thousand
60%
trash
60%
win
60%
alone
40%
any
40%
around
40%
basslines
40%
congo
40%
doesnt
40%
down
40%
floor
40%
future
40%
goddamn
40%
good
40%
is
40%
it
40%
meant
40%
off
40%
over
40%
send
40%
sense
40%
wars
40%
brains
20%
can
20%
candy
20%
crazy
20%
dance
20%
Hinckley's
20%
presidents
20%
there
20%
we
20%
with
20%
baby
0%
clean
0%
gn
0%
landing
0%
little
0%
more
0%
pianos
0%
see
0%
ssa
0%
stand
0%
where
0%
No matching quizzes found
Score Distribution
Percent of People with Each Score
Percentile by Number Answered
Your Score History
You have not taken this quiz